000 00412nam a22001577a 4500
999 _c167967
_d167967
005 20190924144309.0
010 _aB-215290
020 _a8129105780
_c295.00
035 _aB-215290
100 _aJean Echenoz
245 _aI,M,Gone
_cEchenoz Jean
260 _aNew Delhi
_bRupa & Compony
_c2004
270 _a7/16, Ansari Road Daryaganj
_bNew Delhi
_e110002
300 _a195p.
_c19c.m.
942 _2ddc
_cEN
_kN
_mECH